La philosophie de la revolution / (Record no. 111735)

MARC details
000 -LEADER
campo de control de longitud fija 00534nam a2200181 i 4500
001 - NÚMERO DE CONTROL
campo de control 111735
003 - IDENTIFICADOR DE NÚMERO DE CONTROL
campo de control ES-MaACL
005 - FECHA Y HORA DE LA ÚLTIMA TRANSACCIÓN
campo de control 20251124063454.0
007 - CAMPO FIJO DE DESCRIPCIÓN FÍSICA--INFORMACIÓN GENERAL
campo de control de longitud fija t|
008 - DATOS DE LONGITUD FIJA--INFORMACIÓN GENERAL
campo de control de longitud fija 061121s1954 fr r ||||1| fre d
100 1# - ENTRADA PRINCIPAL--NOMBRE DE PERSONA
Nombre de persona Nasser, Gamal Abd el,
Fechas asociadas al nombre 1918-1970
9 (RLIN) 84975
245 13 - MENCIÓN DEL TÍTULO
Título La philosophie de la revolution /
Mención de responsabilidad, etc. Gama Abd el Nasser.
260 ## - PUBLICACIÓN, DISTRIBUCIÓN, ETC.
Lugar de publicación, distribución, etc. [S.l. :
Nombre del editor, distribuidor, etc. s.n.,
Fecha de publicación, distribución, etc. 1954?]
300 ## - DESCRIPCIÓN FÍSICA
Extensión 62 p. ;
Dimensiones 20 cm.
651 #4 - PUNTO DE ACCESO ADICIONAL DE MATERIA--NOMBRE GEOGRÁFICO
Nombre geográfico Egipto-
Subdivisión general Historia-
Subdivisión cronológica 1952-1970.
9 (RLIN) 8143
852 ## - LOCALIZACIÓN
Ubicación ES-MaACL
Número de control de estantería 2040-F-6
Sublocalización o colección R.53116
Holdings
Estatus retirado Estado de pérdida Estado de daño No para préstamo Colección Biblioteca de origen Biblioteca actual Ubicación en estantería Fecha de adquisición Fuente de adquisición Total de préstamos Signatura topográfica completa Código de barras Visto por última vez Precio de reemplazo Tipo de ítem Koha
        Colección de folletos Biblioteca del Ateneo de Madrid Biblioteca del Ateneo de Madrid Depósito folletos 17/01/2008     2040-F-6 1116559 23/02/2023 23/02/2023 Folleto